000 01525nam a2200373 a 4500
001 BRCA_767
005 20190320203137.0
008 950504s1995 mx-a---##b---#000-0dspa-d
020 _a968653329X
020 _a9686533702 (2a ed.)
040 _aDLC
_cDLC
041 _aspaeng
050 4 _aNK844
_b.U86 2 1995
245 1 0 _aFranz Mayer
_bFotógrafo
_cAlberto Ruy Sánchez, José Antonio Rodríguez, Erika Billeter.
260 _aMéxico
_bMuseo Franz Mayer : Artes de México
_c1995
300 _a83 p.
_bil.
_c23 cm.
440 0 _aColección Uso y estilo
_v2
_92544
500 _aIncluye catálogo de la exposición
500 _aLos ejemplares 4 y 5 incluyen invitación
500 _aLos ejemplares 1 y 3 son 2a ed. de 1998
500 _aCatálogo de la exposición realizada en el Museo Franz Mayer (Ciudad de México), 8 marzo - 28 mayo, 1995
500 _aPrimeros 2 ejemplares en Biblioteca, 3er ejemplar en el Área de Investigación, 4to y 5to en Oficina Jefatura
500 _aEstado físico: el 5to ejemplar fue encuadernado, enero 2016
546 _aTexto en : español e inglés
600 1 4 _aMayer, Franz
_d1882-1975
_92545
650 1 4 _aFotografía panorámica
_zMéxico
_92546
650 1 4 _aFotografía artística
_92547
650 1 4 _aFotografía
_xHistoria
_ySiglo XX
_zMéxico
_92548
700 1 _aBilleter, Erika
_d1927-
_92549
700 1 _aRuy Sánchez, Alberto
_92550
700 1 _aRodríguez, José Antonio
_92455
710 2 _aMuseo Franz Mayer (Ciudad de México)
_92266
942 _2lcc
_cB
999 _c664
_d664